[Event "Let's Play Chess!"]
[Site "http://www.queenalice.com/game.php?id=1450367"]
[Date "2016.11.14"]
[Round "-"]
[White "fantasigno"]
[Black "schalturtjik"]
[Result "0-1"]
[WhiteElo "1736"]
[BlackElo "2065"]

1. Nf3 d5 2. g3 Nf6 3. Bg2 c6 4. O-O Bg4 5. d4 h6 6. Nc3 e6 7. a3 Bd6 8. Re1 O-O
9. e4 dxe4 10. Nxe4 Bc7 0-1

[Event "Let's Play Chess!"]
[Site "http://www.queenalice.com/game.php?id=1450435"]
[Date "2016.11.16"]
[Round "-"]
[White "charles31"]
[Black "fantasigno"]
[Result "0-1"]
[WhiteElo "1744"]
[BlackElo "1731"]

1. e4 e5 2. Nf3 Nc6 3. a3 Nf6 4. Nc3 Bc5 5. h3 d6 6. Bc4 O-O 7. Ba2 Be6 8. Bxe6
fxe6 9. d3 h6 10. g4 g5 11. Qe2 d5 12. exd5 exd5 13. h4 Nxg4 14. hxg5 Bxf2+ 15.
Kd1 e4 16. Ng1 Qd7 17. gxh6 e3 18. Rh5 Nf6 19. Rg5+ Kh8 20. Bxe3 Bxe3 21. Qxe3
Rae8 22. Qg3 Ne4 23. dxe4 dxe4+ 24. Rd5 Rd8 25. Rxd7 Rxd7+ 26. Ke2 Nd4+ 27. Kd2
Nf5+ 28. Qd3 exd3 29. cxd3 Nxh6 30. Re1 Rfd8 31. Re3 Nf5 32. Rf3 Nd4 33. Ne4
Nxf3+ 34. Nxf3 Rxd3+ 35. Ke2 Rb3 0-1

[Event "Let's Play Chess!"]
[Site "http://www.queenalice.com/game.php?id=1450436"]
[Date "2016.11.16"]
[Round "-"]
[White "fantasigno"]
[Black "charles31"]
[Result "1-0"]
[WhiteElo "1717"]
[BlackElo "1796"]

1. e4 e5 2. Nf3 d6 3. Bc4 h6 4. Nc3 a6 5. d3 Bg4 6. Nxe5 dxe5 7. Qxg4 Nf6 8. Qf3
Nc6 9. Be3 Nb4 10. O-O-O b5 11. Bb3 c6 12. d4 exd4 13. Rxd4 Qc7 14. a3 c5 15.
Rd2 Bd6 16. axb4 cxb4 17. Nd5 Nxd5 18. Rxd5 O-O 19. Qg4 Rae8 20. Bxh6 Bf4+ 21.
Bxf4 Rxe4 22. Bxc7 Rxg4 23. Rd6 Rxg2 24. Rxa6 Rxf2 25. Rg1 Rxh2 26. Bxh2 1-0

[Event "Let's Play Chess!"]
[Site "http://www.queenalice.com/game.php?id=1457223"]
[Date "2016.12.30"]
[Round "-"]
[White "fantasigno"]
[Black "ulisses34"]
[Result "0-1"]
[WhiteElo "1748"]
[BlackElo "1795"]

1. Nf3 d6 2. g3 Bd7 3. Bg2 Bc6 4. O-O e5 5. d3 Nd7 6. Nc3 Ngf6 7. e4 Nc5 8. Bg5
Be7 9. d4 Na4 10. Nxa4 Bxa4 11. Re1 Nd7 12. Bxe7 Qxe7 13. b3 Bb5 14. c4 Ba6 15.
d5 Qf6 0-1

[Event "Let's Play Chess!"]
[Site "http://www.queenalice.com/game.php?id=1457224"]
[Date "2016.12.30"]
[Round "-"]
[White "carlosufpe"]
[Black "fantasigno"]
[Result "0-1"]
[WhiteElo "1578"]
[BlackElo "1737"]

1. d4 f5 2. e3 Nf6 3. Nf3 e6 4. Be2 d5 5. O-O Bb4 6. c3 Ba5 7. a4 c6 8. b4 Bc7
9. Bb2 O-O 10. Nbd2 Bd7 11. Nb3 Be8 12. Nc5 Qe7 13. Ba3 b5 14. axb5 cxb5 15. Ne5
Ne4 16. Nxe4 fxe4 17. f3 Qh4 18. f4 Rf5 19. g3 Qh6 20. Bg4 Rf6 21. Be2 Qh3 22.
Ng4 Rg6 23. Nf2 Qh6 24. Bh5 Rxg3+ 25. hxg3 Bxh5 26. Qe1 Bf3 27. Qd2 Nd7 28. Nd1
Qh1+ 29. Kf2 Qg2+ 30. Ke1 Qxg3+ 31. Qf2 Qh3 32. Kd2 a5 33. bxa5 Rxa5 34. Bb2
Rxa1 35. Bxa1 Nf6 36. Qg1 Ba5 37. Nf2 Qh5 38. Kc2 Qe8 39. Nd1 Qc6 40. Qg3 b4 41.
Rg1 Ng4 42. Nf2 Qa4+ 43. Kd2 Qa2+ 0-1

[Event "Let's Play Chess!"]
[Site "http://www.queenalice.com/game.php?id=1458614"]
[Date "2017.1.9"]
[Round "-"]
[White "fabricioprado"]
[Black "fantasigno"]
[Result "1-0"]
[WhiteElo "1741"]
[BlackElo "1754"]

1. e4 e5 2. Nf3 Nc6 3. Bb5 Nf6 4. O-O Bc5 5. c3 O-O 6. Re1 d6 7. d4 exd4 8. Bxc6
bxc6 9. Nxd4 Bxd4 10. cxd4 Ba6 11. Nc3 Re8 12. Bg5 h6 13. Bh4 g5 14. Bg3 Rb8 15.
b3 Re6 16. e5 Nd5 17. Nxd5 cxd5 18. Qh5 Kh7 19. Qxf7+ 1-0

[Event "Let's Play Chess!"]
[Site "http://www.queenalice.com/game.php?id=1458615"]
[Date "2017.1.9"]
[Round "-"]
[White "fantasigno"]
[Black "fabricioprado"]
[Result "1-0"]
[WhiteElo "1734"]
[BlackElo "1829"]

1. Nf3 d5 2. g3 Nf6 3. Bg2 Bg4 4. O-O e6 5. c3 Be7 6. d4 Nbd7 7. Bf4 O-O 8. Nbd2
c6 9. Qc2 Bf5 10. Qb3 b6 11. a4 Rb8 12. Bxb8 Qxb8 13. a5 h6 14. axb6 Nxb6 15.
Ra6 Qc7 16. Rfa1 Ra8 17. Rxb6 axb6 18. Rxa8+ Bf8 19. Ne5 b5 20. Qb4 Nh7 21. Nb3
f6 22. Nd3 Bxd3 23. exd3 Qb7 24. Qa5 Ng5 25. Qd8 Nh7 26. Nc5 Qf7 27. Bh3 1-0

[Event "Let's Play Chess!"]
[Site "http://www.queenalice.com/game.php?id=1462532"]
[Date "2017.2.3"]
[Round "-"]
[White "fantasigno"]
[Black "PatricioKM"]
[Result "0-1"]
[WhiteElo "1778"]
[BlackElo "1760"]

1. e4 e5 2. Nf3 Nc6 3. d4 exd4 4. Nxd4 Bc5 5. Be3 Qf6 6. Nb5 Bd6 7. N1c3 Nge7 8.
Bc4 O-O 9. Qh5 Ne5 10. Bb3 a6 11. Bg5 Qg6 12. Qxg6 N7xg6 13. Nxd6 cxd6 14. O-O-O
Ng4 15. Rxd6 Nxf2 16. Rf1 Ng4 17. h3 N4e5 18. g4 b5 19. Ne2 Nc4 20. Rd5 h6 21.
Bf4 Nxf4 22. Rxf4 Bb7 23. Rxd7 Bc8 24. Rc7 Be6 25. a4 Na5 26. Nd4 Bxb3 27. cxb3
Rad8 28. e5 Rc8 29. Rxc8 Rxc8+ 30. Kd2 bxa4 31. bxa4 Nc4+ 32. Kc3 Nxe5+ 33. Kb3
Rb8+ 34. Kc3 Rc8+ 35. Kb3 Nd3 36. Rf1 Rb8+ 37. Kc3 Nxb2 38. Ra1 Kh7 39. Ra2 Nd1+
40. Kd3 g6 41. Rc2 Rb2 42. Ke2 Rxc2+ 43. Nxc2 Nc3+ 44. Ke3 Nxa4 45. Kf4 Nc5 0-1

[Event "Let's Play Chess!"]
[Site "http://www.queenalice.com/game.php?id=1462533"]
[Date "2017.2.3"]
[Round "-"]
[White "PatricioKM"]
[Black "fantasigno"]
[Result "0-1"]
[WhiteElo "1713"]
[BlackElo "1745"]

1. e4 e5 2. Nf3 Nc6 3. d4 exd4 4. Nxd4 Qh4 5. Nc3 Bb4 6. Ne2 Bc5 7. g3 Qf6 8.
Nf4 Nh6 9. Ncd5 Qd6 10. Bc4 O-O 11. O-O Re8 12. Re1 a6 13. Be3 b5 14. Bd3 Bb7
15. a3 Bxe3 16. Rxe3 Nd4 17. Be2 Nxe2+ 18. Rxe2 Re5 19. c3 Rae8 20. b3 Rxe4 21.
Raa2 c6 22. Ne3 Qxd1+ 23. Kg2 Rxe3 24. Rxe3 Rxe3 25. fxe3 c5+ 26. Kh3 Qg4# 0-1

[Event "Let's Play Chess!"]
[Site "http://www.queenalice.com/game.php?id=1464211"]
[Date "2017.2.13"]
[Round "-"]
[White "fantasigno"]
[Black "knight576"]
[Result "0-1"]
[WhiteElo "1747"]
[BlackElo "2108"]

1. e4 e5 2. Nf3 Nc6 3. d4 exd4 4. Nxd4 Nf6 5. Nc3 Bb4 6. Nxc6 bxc6 7. Bd3 d5 8.
O-O O-O 9. Bf4 Bxc3 10. bxc3 dxe4 0-1

[Event "Let's Play Chess!"]
[Site "http://www.queenalice.com/game.php?id=1465931"]
[Date "2017.2.22"]
[Round "-"]
[White "fantasigno"]
[Black "ulisses34"]
[Result "1-0"]
[WhiteElo "1760"]
[BlackElo "1762"]

1. Nf3 d5 2. g3 Nc6 3. Bg2 e5 4. d3 Be7 5. O-O Bd7 6. Nc3 Nd4 7. Nxd5 Nxf3+ 8.
Bxf3 Bc6 9. c4 Bd6 10. d4 Nf6 11. Nxf6+ Qxf6 12. Bxc6+ bxc6 13. Qa4 Be7 14. Bg5
Qd6 15. Bxe7 Kxe7 16. dxe5 Qe6 17. Qb4+ Kd8 18. Rad1+ Kc8 19. f4 Rb8 20. Qa4 Qg4
21. Qxc6 Qe6 22. Rd6 Qe7 23. Rfd1 h6 24. c5 Rb7 25. Rd7 Qe6 26. Rxc7+ 1-0

[Event "Let's Play Chess!"]
[Site "http://www.queenalice.com/game.php?id=1468063"]
[Date "2017.3.9"]
[Round "-"]
[White "fantasigno"]
[Black "masam2014"]
[Result "0-1"]
[WhiteElo "1766"]
[BlackElo "1457"]

1. Nf3 d5 2. g3 c6 3. Bg2 Nf6 4. d4 g6 5. O-O Bg7 6. Bf4 O-O 7. Nc3 Re8 8. Re1
Bg4 9. h3 Bxf3 10. Bxf3 Na6 11. e4 Nb4 12. a3 Na6 13. e5 Nd7 14. e6 Nb6 15.
exf7+ Kxf7 16. Re3 Nc4 0-1

[Event "Let's Play Chess!"]
[Site "http://www.queenalice.com/game.php?id=1468064"]
[Date "2017.3.9"]
[Round "-"]
[White "masam2014"]
[Black "fantasigno"]
[Result "1-0"]
[WhiteElo "1485"]
[BlackElo "1738"]

1. d4 d5 2. c4 Nf6 3. e3 e6 4. Nf3 Bb4+ 5. Bd2 Bxd2+ 6. Qxd2 Ne4 7. Qd1 Nc6 8.
Be2 O-O 9. O-O Qf6 10. Qc2 Nb4 11. Qd1 b6 12. Na3 Ba6 13. b3 Nc3 14. Qd2 Nxe2+
15. Qxe2 Rac8 16. Rfc1 1-0

[Event "Let's Play Chess!"]
[Site "http://www.queenalice.com/game.php?id=1469860"]
[Date "2017.3.21"]
[Round "-"]
[White "fantasigno"]
[Black "kinghenry"]
[Result "0-1"]
[WhiteElo "1777"]
[BlackElo "1896"]

1. Nf3 d6 2. g3 Nc6 3. Bg2 e5 4. d3 Be7 5. O-O Bd7 6. Nc3 h6 7. Be3 Qc8 8. Nd5
Be6 9. c4 g5 10. Qa4 Bd7 11. b4 Nd4 12. Qd1 g4 13. Nd2 h5 14. c5 dxc5 15. Nxe7
Nxe7 16. bxc5 h4 17. Bxd4 exd4 18. Qb3 Bc6 19. Bxc6+ Nxc6 20. e4 Qe6 21. Qxb7
O-O 22. Qxc7 Ne5 23. f4 gxf3 24. Nxf3 Nxd3 25. Ng5 Qe5 26. Rxf7 Qxg5 0-1

[Event "Van Halen"]
[Site "http://www.queenalice.com/game.php?id=1479154"]
[Date "2017.5.21"]
[Round "-"]
[White "fantasigno"]
[Black "Wigmont"]
[Result "1-0"]
[WhiteElo "1706"]
[BlackElo "1642"]

1. Nf3 d6 2. g3 e5 3. d3 Nc6 4. Bg2 Nf6 5. O-O h6 6. Nc3 Be6 7. Re1 g5 8. Nd2
Ng4 9. Nb3 Qf6 10. Rf1 O-O-O 11. f3 h5 12. fxg4 Qh6 13. Ne4 hxg4 14. Bxg5 Qxh2+
15. Kf2 Be7 16. Rh1 Qh3 17. Rxh3 gxh3 18. Bf3 f6 19. Bh4 d5 20. Nec5 Bf5 21. e4
Bg6 22. Bg4+ f5 23. exf5 Rdf8 24. f6+ Kb8 25. Nd7+ Ka8 26. Nxf8 Bxf8 27. Qf3 a5
28. Qxd5 Be8 29. f7 Nb4 30. Qxa5+ Na6 31. fxe8=Q+ Ka7 32. Qexe5 Bd6 33. Qd4+ b6
34. Qxh8 bxa5 35. Nxa5 Bc5+ 36. d4 Bb4 37. Nc6+ Kb6 38. Nxb4 Nxb4 39. Qb8+ Ka5
40. c3 Nd3+ 41. Ke2 Nxb2 42. Rb1 h2 43. Rxb2 h1=Q 44. Qb5# 1-0

[Event "Ajedrez # 5"]
[Site "http://www.queenalice.com/game.php?id=1483827"]
[Date "2017.6.26"]
[Round "1"]
[White "fltrazzi"]
[Black "fantasigno"]
[Result "0-1"]
[WhiteElo "1718"]
[BlackElo "1689"]

1. e4 e5 2. Nf3 Nc6 3. d3 Bc5 4. Be2 Nf6 5. c3 d6 6. Qa4 O-O 7. Bg5 h6 8. Bxf6
Qxf6 9. d4 exd4 10. cxd4 Bg4 11. dxc5 Qxb2 12. O-O Qxa1 13. h3 Bxf3 14. Bxf3
dxc5 15. Qb3 Qf6 16. Nc3 Nd4 17. Qc4 Nxf3+ 18. gxf3 Qxf3 19. Qxc5 g5 20. Qxc7
Rac8 21. Qg3 Rxc3 22. Qxf3 Rxf3 23. Kg2 Ra3 24. Ra1 f5 25. e5 f4 26. e6 Re8 27.
e7 Rxe7 28. Rc1 Rxa2 29. Rc8+ Kf7 30. Rc5 Ree2 31. Rc7+ Kg6 32. Rxb7 Rxf2+ 33.
Kg1 Rg2+ 34. Kf1 Rh2 35. Rd7 Rh1# 0-1

[Event "Ajedrez # 5"]
[Site "http://www.queenalice.com/game.php?id=1488360"]
[Date "2017.8.1"]
[Round "2"]
[White "Daniel1962"]
[Black "fantasigno"]
[Result "0-1"]
[WhiteElo "1941"]
[BlackElo "1719"]

1. e4 Nc6 2. Bc4 e6 3. Nf3 Bc5 4. O-O Nf6 5. d3 h6 6. Bf4 O-O 7. Ne5 d5 8. Nxc6
bxc6 9. exd5 exd5 10. Bb3 Bg4 11. Qd2 Re8 12. Bg3 Re2 13. Qc3 Qe7 14. Nd2 Bb4
15. Qxc6 Re8 16. c3 Rxd2 17. cxb4 Qxb4 18. Bh4 Re6 19. Qxc7 Rxb2 20. Bxf6 Rxf6
21. Bxd5 a5 22. Qd8+ Kh7 23. Be4+ Bf5 24. Bxf5+ Rxf5 25. f3 Qd2 0-1

[Event "Ajedrez # 5"]
[Site "http://www.queenalice.com/game.php?id=1493844"]
[Date "2017.9.10"]
[Round "3"]
[White "fantasigno"]
[Black "Ninho"]
[Result "0-1"]
[WhiteElo "1744"]
[BlackElo "2055"]

1. e4 e5 2. Bc4 c6 3. Qh5 d5 4. Qxe5+ Ne7 5. exd5 cxd5 6. Bb3 Be6 7. Nf3 Nd7 8.
Qe2 h6 9. Nc3 Nc5 10. Qb5+ Nc6 11. d4 a6 12. Qe2 Nxb3 13. axb3 Bb4 14. O-O O-O
15. Bf4 Bg4 16. Rad1 Re8 17. Qd3 Bxc3 18. bxc3 Qf6 19. g3 g5 20. h3 Bxh3 21. Be5
Bxf1 22. Kxf1 Qe6 23. Re1 Qh3+ 24. Ke2 g4 25. Ng1 Qh5 0-1

[Event "Ajedrez # 5"]
[Site "http://www.queenalice.com/game.php?id=1498984"]
[Date "2017.10.15"]
[Round "4"]
[White "fantasigno"]
[Black "fabricioprado"]
[Result "1-0"]
[WhiteElo "1740"]
[BlackElo "1782"]

1. Nf3 Nf6 2. g3 d5 3. Bg2 e6 4. O-O Be7 5. c4 c6 6. d3 Nbd7 7. Nc3 O-O 8. e4
dxc4 9. dxc4 Bc5 10. Bg5 Qe8 11. e5 Nh5 12. g4 f6 13. Bd2 fxe5 14. gxh5 Qxh5 15.
Ng5 Qxd1 16. Raxd1 Nf6 17. Nce4 Nxe4 18. Bxe4 g6 19. Nf3 Bd7 20. Nxe5 Be8 21. b4
Bb6 22. c5 Bc7 23. Bc3 Bxe5 24. Bxe5 Bf7 25. Rd7 Rad8 26. Rfd1 1-0

[Event "Ajedrez # 5"]
[Site "http://www.queenalice.com/game.php?id=1506990"]
[Date "2017.12.6"]
[Round "5"]
[White "The_Clown"]
[Black "fantasigno"]
[Result "1-0"]
[WhiteElo "1839"]
[BlackElo "1758"]

1. d4 f5 2. c4 e6 3. g3 Nf6 4. Nf3 Bb4+ 5. Bd2 Bxd2+ 6. Nbxd2 c6 7. Bg2 O-O 8.
O-O Qb6 9. b3 d5 10. c5 Qb5 11. a4 Qb4 12. e3 Nbd7 13. a5 a6 14. h3 h6 15. g4
Ne4 16. Nxe4 dxe4 17. Nh4 f4 18. Bxe4 fxe3 19. fxe3 Rxf1+ 20. Kxf1 Nf6 21. Bf3
Bd7 22. Ng6 Nd5 23. Bxd5 exd5 24. Ne5 Rf8+ 25. Ke2 Qb5+ 26. Kd2 Rf2+ 27. Kc3 Be6
28. Nd3 Rh2 29. Qf1 g5 30. Qf6 Bd7 31. Qd8+ 1-0